000 01171cad a22002175a 4500
001 L157039
008 120817s2012 xxk 000 0 eng d
035 _a(Sirsi) u157039
041 0 _aeng
100 1 _aNelson, Andrew J.
245 0 0 _aBricks and clicks
_brethinking retail real estate in the e-commerce era - July 2012
_h[electronic resources]
260 _a[S.l.]
_bRREEF
_b2012
490 0 _aRREEF Real Estate Research Reports
_vJuly 2012
520 _aInternet retailing has been growing steadily over the past decade in the US but still accounts for a small share of overall retailing. E-commerce is now poised for explosive growth on the strength of rapidly evolving consumer shopping habits and retail technology. Impacts on the shopping centre industry will be profound and far-reaching. Concludes that 10% of US shopping centres are already obsolete and online sales are growing some five times faster than total retail sales.
590 _aKA NTK
651 4 _aUnited States
690 _aCommercial property
_96227
700 1 _aLeon, Ana
856 4 0 _uhttps://www.rreef.com/research/research_6472.jsp
_zView the report at www.rreef.com
942 _n0
999 _c84243
_d84243